Mizení /
Další z řady detektivních románů s hlavním hrdinou Tomášem Volfem a jeho kolegyní Evou Černou.
Uloženo v:
| Série: | Detektiv Volf,
část 4 |
|---|---|
| Hlavní autor: | |
| Médium: | E-kniha |
| Jazyk: | Czech |
| Vydáno: |
Praha :
Motto,
2021
|
| Vydání: | Vydání první |
| Témata: | |
| Příbuzné jednotky: | Z cyklu::
Detektiv Volf |
| Tagy: |
Žádné tagy |
| LEADER | 02193nam a2200421 i 4500 | ||
|---|---|---|---|
| 001 | 312377 | ||
| 003 | CZ PrSKC | ||
| 005 | 20260601215721.0 | ||
| 007 | ta | ||
| 008 | 211104s2021 xr g 000 f cze | ||
| 015 | |a cnb003369218 | ||
| 020 | |a 9788026721390 |q (vázáno) : |c Kč 399,00 | ||
| 035 | |a (OCoLC)1288051757 | ||
| 035 | |a (OCoLC)1291384344 | ||
| 040 | |a ABG001 |b cze |d ABA001 |e rda | ||
| 072 | 7 | |a 821.162.3-3 |x Česká próza |2 Konspekt | |
| 080 | |a 821.162.3-31 |2 MRF | ||
| 080 | |a (0:82-312.4) |2 MRF | ||
| 100 | 1 | |a Březina, Jiří, |d 1980- |7 xx0114321 |4 aut | |
| 245 | 1 | 0 | |a Mizení / |c Jiří Březina |
| 250 | |a Vydání první | ||
| 264 | 1 | |a Praha : |b Motto, |c 2021 | |
| 300 | |a 332 stran ; |c 21 cm | ||
| 336 | |a text |b txt |2 rdacontent | ||
| 337 | |a bez média |b n |2 rdamedia | ||
| 338 | |a svazek |b nc |2 rdacarrier | ||
| 520 | 2 | |a Další z řady detektivních románů s hlavním hrdinou Tomášem Volfem a jeho kolegyní Evou Černou. |b Na opuštěném statku zemře v den výročí Hitlerova narození několik lidí. Jde o zločin s rasistickým podtextem, nebo o snahu vytvořit falešnou stopu? Na dětské krizové centrum zazvoní uprostřed noci dezorientovaný chlapec. Tvrdí, že mu někdo vyměnil rodinu za cizí lidi. Když se však o situaci začne zajímat soukromá vyšetřovatelka Eva Černá, jeho zdánlivé blouznění se rýsuje v děsivých detailech. Nakladatelská anotace. Kráceno. | |
| 655 | 7 | |a české romány |7 fd133974 |2 czenas | |
| 655 | 7 | |a detektivní romány |7 fd132010 |2 czenas | |
| 655 | 9 | |a Czech fiction |2 eczenas | |
| 655 | 9 | |a detective novels |2 eczenas | |
| 787 | 0 | 8 | |i Z cyklu: |t Detektiv Volf |g 4 |
| 900 | |a ABA001 |b 21 | ||
| 928 | 9 | |a Albatros Media - Motto | |
| 044 | |a xr | ||
| 910 | |a RBIT002 | ||
| 998 | |d 404315 |a https://core.palmknihy.cz/api/books/404315/cover?scvpwo |b https://core.palmknihy.cz/api/books/404315/cover/400?scvpwo |c https://core.palmknihy.cz/api/books/404315/cover/50?scvpwo |e 2031-12-31 |g 336 |i 9788026721390 |j https://core.palmknihy.cz/api/books/404315/preview.epub |k https://core.palmknihy.cz/api/books/404315/preview.pdf |l |q 49 |r 1 |s https://www.palmknihy.cz/kniha/404315 |t ebook |y 2021 |z 0 |v Policista Tomáš Volf |w 4 | ||
| 999 | |d 312375 | ||